[Event "Hamburg-chA"]
[Site "Hamburg"]
[Date "2012.06.02"]
[Round "8"]
[White "Chaichi Tehrani, Fereydoon"]
[Black "Nitz, Florian"]
[Result "1/2-1/2"]
[WhiteElo "1329"]
[BlackElo "1419"]
[PlyCount "79"]
[EventDate "2012.05.26"]
[EventType "swiss"]
[EventRounds "9"]
[EventCountry "GER"]
[SourceTitle "CBM 148 Extra"]
[Source "ChessBase"]
[SourceDate "2012.06.22"]
[SourceVersion "1"]
[SourceVersionDate "2012.06.22"]
[SourceQuality "1"]

1. e4 c6 2. d4 d5 3. e5 c5 4. Nf3 Nc6 5. Bb5 Bg4 6. dxc5 Bxf3 7. Qxf3 e6 8. b4 a5 9. c3 Qc7 10. Bf4 Nge7 11. 0-0 Ng6 12. Re1 Be7 13. Bxc6+ bxc6 14. Nd2 0-0 15. Nb3 axb4 16. cxb4 Rfb8 17. a3 Ra4 18. Nd4 Bxc5 19. bxc5 Rxd4 20. Bg3 Qa5 21. Rec1 Ra8 22. Qc3 Rc4 23. Qxa5 Rxc1+ 24. Rxc1 Rxa5 25. Rc3 h6 26. Kf1 Nf8 27. f4 Nd7 28. Bf2 f6 29. exf6 Nxf6 30. Bd4 Ne4 31. Rc2 Rxa3 32. Rb2 Rb3 33. Ra2 Rb7 34. Ra6 Rc7 35. Be5 Rc8 36. Ra7 Nf6 37. Re7 Rf8 38. Rxe6 Ng4 39. Ke2 Nxe5 40. fxe5 1/2-1/2

[Event "Hamburg-chA"]
[Site "Hamburg"]
[Date "2012.05.30"]
[Round "5"]
[White "Haugwitz, Steffen"]
[Black "Nitz, Florian"]
[Result "1-0"]
[WhiteElo "1631"]
[BlackElo "1419"]
[PlyCount "71"]
[EventDate "2012.05.26"]
[EventType "swiss"]
[EventRounds "9"]
[EventCountry "GER"]
[SourceTitle "CBM 148 Extra"]
[Source "ChessBase"]
[SourceDate "2012.06.22"]
[SourceVersion "1"]
[SourceVersionDate "2012.06.22"]
[SourceQuality "1"]

1. e4 c6 2. d4 d5 3. exd5 cxd5 4. Nc3 Nc6 5. Bf4 a6 6. Nf3 Bg4 7. Be2 Bxf3 8. Bxf3 e6 9. 0-0 Bd6 10. Bxd6 Qxd6 11. Re1 Nge7 12. Qd2 0-0 13. Ne2 Nf5 14. c3 Rac8 15. Nf4 b5 16. Bg4 Nce7 17. Re2 Ng6 18. Nxg6 fxg6 19. Rae1 Rce8 20. Qg5 Rf6 21. Re5 Qf8 22. Bf3 Nh6 23. Bxd5 Nf7 24. Rxe6 Rexe6 25. Rxe6 Nxg5 26. Rxf6+ Nf7 27. Rxf7 Qxf7 28. Bxf7+ Kxf7 29. f4 Ke6 30. Kf2 Kd5 31. Kf3 a5 32. g4 h5 33. h3 h4 34. Ke3 a4 35. b3 axb3 36. axb3 1-0

[Event "Pinneberg-ch"]
[Site "Pinneberg"]
[Date "2011.09.01"]
[Round "3"]
[White "Nitz, Florian"]
[Black "Keuneke, Hanno"]
[Result "0-1"]
[WhiteElo "1293"]
[BlackElo "1774"]
[PlyCount "54"]
[EventDate "2011.08.18"]
[EventType "swiss"]
[EventRounds "7"]
[EventCountry "GER"]
[SourceTitle "CBM 144 Extra"]
[Source "ChessBase"]
[SourceDate "2011.10.28"]
[SourceVersion "1"]
[SourceVersionDate "2011.10.28"]
[SourceQuality "1"]

1. e4 e5 2. Nf3 Nc6 3. d4 exd4 4. Bc4 Nf6 5. e5 d5 6. exd6 Qxd6 7. 0-0 Be7 8. Bb5 Bg4 9. Re1 0-0 10. Bxc6 bxc6 11. b3 c5 12. Na3 Rfe8 13. Nc4 Qd8 14. Qd3 Bxf3 15. Qxf3 Qd5 16. Qxd5 Nxd5 17. Re5 Bf6 18. Rxe8+ Rxe8 19. Bb2 Nb4 20. Kf1 Nxc2 21. Rc1 Nb4 22. Ba3 Nxa2 23. Ra1 Nb4 24. Bxb4 cxb4 25. Rxa7 d3 26. Rxc7 Bc3 27. Rd7 Re1# 0-1

[Event "Unterfranken-ch HT 61th"]
[Site "Kitzingen"]
[Date "2010.04.08"]
[Round "6"]
[White "Hartlaub, Marianne"]
[Black "Nitz, Florian"]
[Result "1-0"]
[WhiteElo "1433"]
[BlackElo "1247"]
[PlyCount "76"]
[EventDate "2010.04.05"]
[EventType "swiss"]
[EventRounds "9"]
[EventCountry "GER"]
[SourceTitle "EXT 2015"]
[Source "ChessBase"]
[SourceDate "2014.11.20"]
[SourceVersion "1"]
[SourceVersionDate "2014.11.20"]
[SourceQuality "1"]

1. c4 c5 2. Nf3 Nc6 3. e3 e5 4. Nc3 Nf6 5. g3 d5 6. cxd5 Nxd5 7. Bg2 Be6 8. 0-0 Be7 9. Qe2 0-0 10. Rd1 f5 11. d4 e4 12. Ne5 Qc7 13. Nb5 Qb8 14. b3 Nxe5 15. dxe5 a6 16. Na3 Nc3 17. Qe1 Nxd1 18. Qxd1 Qxe5 19. Bd2 Rad8 20. Qe1 Rd7 21. Bc3 Qd6 22. Bf1 Bf6 23. Nc4 Bxc4 24. Bxc4+ Kh8 25. Rc1 Bxc3 26. Qxc3 b5 27. Bf1 Qd2 28. Qxc5 Rfd8 29. Rc2 Qd6 30. Bh3 g6 31. Qc3+ Kg8 32. Kg2 Rc7 33. Qxc7 Qd1 34. Rc1 Qf3+ 35. Kg1 Rf8 36. Bf1 h5 37. Qd6 Qg4 38. Qe6+ Rf7 1-0